Historia de España contemporánea / (Record no. 180868)

MARC details
000 -LEADER
campo de control de longitud fija 01005nam a2200265 i 4500
001 - NÚMERO DE CONTROL
campo de control 180868
003 - IDENTIFICADOR DE NÚMERO DE CONTROL
campo de control ES-MaACL
005 - FECHA Y HORA DE LA ÚLTIMA TRANSACCIÓN
campo de control 20250604062551.0
008 - DATOS DE LONGITUD FIJA--INFORMACIÓN GENERAL
campo de control de longitud fija 120725s2011 sp d |||| |dspa d
020 ## - NÚMERO INTERNACIONAL ESTÁNDAR DEL LIBRO
Número Internacional Estándar del Libro 978-84-344-6931-0
080 ## - NÚMERO DE LA CLASIFICACIÓN DECIMAL UNIVERSAL
Número de la Clasificación Decimal Universal 94(460)"18/19"
245 00 - MENCIÓN DEL TÍTULO
Título Historia de España contemporánea /
Mención de responsabilidad, etc. Javier Paredes (dir.).
250 ## - MENCION DE EDICION
Mención de edición Nueva ed. act.
Resto de la mención de edición 1ª ed. en esta presentación; 2ª imp.
260 ## - PUBLICACIÓN, DISTRIBUCIÓN, ETC.
Lugar de publicación, distribución, etc. [Barcelona] :
Nombre del editor, distribuidor, etc. Ariel,
Fecha de publicación, distribución, etc. 2011.
300 ## - DESCRIPCIÓN FÍSICA
Extensión VIII, 1109 p. :
Otras características físicas gráf. ;
Dimensiones 23 cm.
500 ## - NOTA GENERAL
Nota general Índice.
504 ## - NOTA DE BIBLIOGRAFÍA, ETC.
Nota de bibliografía, etc. Referencias bibliográficas.
651 #7 - PUNTO DE ACCESO ADICIONAL DE MATERIA--NOMBRE GEOGRÁFICO
Nombre geográfico España-
Subdivisión general Historia-
Subdivisión cronológica S.XIX
Fuente del encabezamiento o término
9 (RLIN) 142005
651 #7 - PUNTO DE ACCESO ADICIONAL DE MATERIA--NOMBRE GEOGRÁFICO
Nombre geográfico España-
Subdivisión general Historia-
Subdivisión cronológica S.XX.
9 (RLIN) 138832
700 1# - ENTRADA AGREGADA--NOMBRE PERSONAL
Nombre de persona Paredes Alonso, Francisco Javier.
9 (RLIN) 89042
852 ## - LOCALIZACIÓN
Ubicación ES-MaACL
Número de control de estantería A-12153
itemnumber 187745
Sublocalización o colección R.147047
Ubicación en estantería Depósito 1
Signatura antigua Olim: N-5158
Encuadernación Donación: Alejandro Díez
Nota libre Dedicatoria autógrafa de Alejandro R. Díez Torre
903 ## - NOMBRE PERSONAL DE DONANTE
a Díez Torre, Alejandro R.
e Donante
9 44776
942 ## - ELEMENTOS DE ENTRADA SECUNDARIOS (KOHA)
Fuente del sistema de clasificación o colocación Clasificación decimal universal
Tipo de ítem Koha Libro impreso
Holdings
Estatus retirado Estado de pérdida Fuente del sistema de clasificación o colocación Estado de daño No para préstamo Colección Biblioteca de origen Biblioteca actual Ubicación en estantería Fecha de adquisición Fuente de adquisición Total de préstamos Signatura topográfica completa Código de barras Visto por última vez Precio de reemplazo Tipo de ítem Koha Nota pública
    Clasificación decimal universal     Libros con dedicatorias Biblioteca del Ateneo de Madrid Biblioteca del Ateneo de Madrid Depósito 1 25/07/2012 Donación   A-12153 1190059 23/02/2023 23/02/2023 Libro impreso Dedicatoria autógrafa de Alejandro Díez